000 00736nam a2200217 i 4500
003 DO-SdBNP
005 20240219102948.0
007 ta
008 240219b1979 dr ||||| |||| 00| 0 spa d
040 _aDO-SdBNP
_bspa
_cBNPHU
_erda
082 4 _222
245 0 0 _aíndice general de la legislación de la República Dominicana año 1972 :
_bsección de registro de leyes, consultoría jurídica del poder ejecutivo
264 _aSanto Domingo :
_bConsultoría Jurídica del Poder Ejecutivo,
_c1979.
300 _a256 páginas ;
_c23 cm.
336 _2rdacontent
_atexto
_btxt
337 _2rdamedia
_asin mediación
_bn
338 _2rdacarrier
_avolumen
_bnc
590 _aInventariado, 2024/BT
910 _aBtavárez
942 _2ddc
_cLBS1
999 _c55967
_d55967